<?xml version="1.0" encoding="UTF-8"?>
<marc:record xmlns:marc="http://www.loc.gov/MARC21/slim">
   <marc:leader>00000nam a2200000 a 4500</marc:leader>
   <marc:datafield ind1="1" ind2=" " tag="100">
      <marc:subfield code="a">Riordan, Rick</marc:subfield>
      <marc:subfield code="4">aut</marc:subfield>
      <marc:subfield code="e">Verfasser/-in</marc:subfield>
   </marc:datafield>
   <marc:datafield ind1="0" ind2="0" tag="245">
      <marc:subfield code="a">Percy Jackson</marc:subfield>
   </marc:datafield>
   <marc:datafield ind1="0" ind2="0" tag="245">
      <marc:subfield code="b">Diebe im Olymp</marc:subfield>
   </marc:datafield>
   <marc:datafield ind1="0" ind2="0" tag="245">
      <marc:subfield code="c">Rick Riordan</marc:subfield>
   </marc:datafield>
   <marc:datafield ind1=" " ind2="1" tag="264">
      <marc:subfield code="a">Reinbek bei Hamburg</marc:subfield>
      <marc:subfield code="b">Carlsen-Verl.</marc:subfield>
      <marc:subfield code="c">2011</marc:subfield>
   </marc:datafield>
   <marc:datafield ind1="1" ind2=" " tag="520">
      <marc:subfield code="a">Der zwölfjährige Percy Jackson ist eine Halbwaise und ein Problemkind, daß schon sechsmal die Schule wechseln mußte, weil sich merkwürdige Vorfälle hinter ihm wie ein Rattenschwanz herziehen. Beim schulischen Museumsbesuch ändert sich sein Leben jedoch schlagartig, als sich seine eh schon bösartige Mathelehrerin plötzlich in eine Furie mit scharfen Klauen und Fledermausflügeln verwandelt und ihn zerfetzen will. Kurze Zeit später scheint jedoch alles wieder in Ordnung zu sein. Doch da die Lehrerin weg ist und sich niemand in der Schule erinnern mag, daß es sie je gegeben hätte, zweifelt Percy langsam schon an seinem Verstand. Daß es sich um keine Halluzination handelt, erfährt er, als er zusammen mit seiner Mutter vor einem weiteren übernatürlichen Angriff fliehen muß.</marc:subfield>
   </marc:datafield>
   <marc:datafield ind1=" " ind2=" " tag="020">
      <marc:subfield code="a">9783551310583</marc:subfield>
      <marc:subfield code="9">9783551310583</marc:subfield>
   </marc:datafield>
   <marc:datafield ind1=" " ind2=" " tag="020">
      <marc:subfield code="a">3551310580</marc:subfield>
      <marc:subfield code="9">3551310580</marc:subfield>
   </marc:datafield>
   <marc:datafield ind1=" " ind2=" " tag="500">
      <marc:subfield code="a">Aus dem Engl. übers.</marc:subfield>
   </marc:datafield>
   <marc:datafield ind1=" " ind2=" " tag="300">
      <marc:subfield code="a">447 S.</marc:subfield>
   </marc:datafield>
</marc:record>
